|
|
|
|
| LEADER |
00000nab a2200000 a 4500 |
| 001 |
vtls000638528 |
| 003 |
SK-MaSNL |
| 005 |
20260302184421.0 |
| 008 |
160401c1997 xo 0 slo |
| 015 |
|
|
|a SNBRB19rr/mm-uuuuu
|
| 035 |
|
|
|a CL0638667
|
| 040 |
|
|
|a SNKBUCL
|b slo
|c SNKBUCL
|e AACR2
|
| 041 |
0 |
|
|a slo
|
| 044 |
|
|
|a xo
|c SK
|
| 080 |
|
|
|a 324(437.6):347.991:342.4(437.6)
|2 1981
|
| 080 |
|
|
|a 347.991:342.4(437.6)
|2 1981
|
| 100 |
1 |
|
|a Barila, Michal
|4 aut
|9 899538
|
| 245 |
1 |
0 |
|a Názor som nezmenil
|b Prokurátor JUDr. Michal Barila pre Pravdu
|c Michal Barila, Juraj Handzo
|
| 300 |
|
|
|b Fotogr. 1
|
| 650 |
0 |
7 |
|a referendum
|2 snkbucl
|9 4497
|
| 655 |
|
7 |
|a články z novín a časopisov
|2 snkbucl
|9 267496
|
| 700 |
1 |
|
|a Handzo, Juraj
|4 aut
|9 471933
|
| 700 |
1 |
|
|a Krajči, Gustáv,
|d 1951-
|4 aut
|9 115219
|
| 773 |
0 |
|
|t Pravda
|g Roč. 7, č. 225 (1. 10. 1997), s. 1 a 4
|
| 850 |
|
|
|a Slovenská národná knižnica v Martine
|a MTA001
|
| 852 |
|
|
|a SNK
|b KIS3GCP
|
| 958 |
|
|
|a SK
|
| 958 |
|
|
|a RK
|
| 958 |
|
|
|a RBX
|
| 999 |
|
|
|c 1425372
|d 1427302
|